书目信息 |
| 题名: |
办公空间设计
|
|
| 作者: | 阎谊娟 韦杰 主编 | |
| 分册: | ||
| 出版信息: | 武汉 华中科技大学出版社 2015.08 |
|
| 页数: | 96页 | |
| 开本: | 20cm | |
| 丛书名: | ||
| 单 册: | ||
| 中图分类: | TU243 | |
| 科图分类: | ||
| 主题词: | 民用建筑--建筑设计 | |
| 电子资源: | ||
| ISBN: | 978-7-5680-1221-8 | |
| 000 | 00605nam0 2200193 450 | |
| 001 | 6 | |
| 005 | 20160906090155.78 | |
| 010 | @a978-7-5680-1221-8@dCNY39.00 | |
| 092 | @b办公空间设计 | |
| 100 | @a20160901d2015 km y0chiy0120 ea | |
| 101 | 0 | @achi |
| 200 | 1 | @a办公空间设计@Aban gong kong jian she ji@f阎谊娟 韦杰主编@Fyan yi juan wei jie zhu bian |
| 210 | @a武汉@c华中科技大学出版社@d2015.08 | |
| 215 | @a96页@d20cm | |
| 606 | 0 | @a民用建筑@x建筑设计 |
| 690 | @aTU243@v4 | |
| 701 | 0 | @a阎谊娟 韦杰@Ayan yi juan wei jie@4主编 |
| 801 | 0 | @aCN@b大连网信软件有限公司图书馆·11@c20160906 |
| 905 | @aZUCC@dTU243@e739 | |
| 办公空间设计/阎谊娟 韦杰主编.-武汉:华中科技大学出版社,2015.08 |
| 96页;20cm |
| ISBN 978-7-5680-1221-8:CNY39.00 |
| ● |
| 相关链接 |
|
|
|
|
正题名:办公空间设计
索取号:TU243/739
 
预约/预借
| 序号 | 登录号 | 条形码 | 馆藏地/架位号 | 状态 | 备注 |
| 1 | 900013 | 209000132 | 第二样本阅览室/ [索取号:TU243/739] | 在馆 | |
| 2 | 900014 | 209000141 | 第三借阅区/ [索取号:TU243/739] | 在馆 | |
| 3 | 900015 | 209000150 | 第三借阅区/ [索取号:TU243/739] | 在馆 | |
| 4 | 900016 | 209000169 | 第三借阅区/ [索取号:TU243/739] | 在馆 | |
| 5 | 900017 | 209000178 | 第三借阅区/ [索取号:TU243/739] | 在馆 |